|
|
|
|
| LEADER |
01367nam a2200301 a 4500 |
| 001 |
17534 |
| 003 |
BD-DhAAL |
| 008 |
090511r19931967maua b 001 0 eng d |
| 010 |
|
|
|a \\\94137960
|
| 020 |
|
|
|a 0890067333
|
| 040 |
|
|
|a DLC
|c DLC
|d BD-DhAAL
|
| 082 |
0 |
0 |
|a 621.384
|2 20
|
| 100 |
1 |
|
|a Cook, Charles E.
|q (Charles Emerson),
|d 1926-
|9 57729
|
| 245 |
1 |
0 |
|a Radar signals :
|b an introduction to theory and application /
|c Charles E. Cook, Marvin Bernfeld.
|
| 260 |
|
|
|a Boston :
|b Artech House,
|c c1993.
|
| 300 |
|
|
|a xvi, 531 p. :
|b ill. ;
|c 24 cm
|
| 490 |
|
4 |
|a The Artech House radar library
|
| 500 |
|
|
|a Originally published in 1967 by Academic Press.
|
| 504 |
|
|
|a Includes bibliographical references and index.
|
| 526 |
|
|
|a MNS
|x Mahabobe Shobahani
Faculty Member of BRAC University
Course Name : Radar Engineering (APE 406)
|
| 541 |
1 |
|
|e 17534
|a Blackwell Book Services
|
| 650 |
|
0 |
|a Radar.
|
| 700 |
1 |
|
|a Bernfeld, Marvin.
|9 57730
|
| 830 |
|
|
|a The Artech House radar library
|9 57731
|
| 852 |
4 |
|
|a Ayesha Abed Library
|c General Stacks
|
| 942 |
|
|
|2 ddc
|c BK
|
| 999 |
|
|
|c 550
|d 550
|
| 952 |
|
|
|0 0
|1 0
|2 ddc
|4 0
|6 621_384000000000000_COO_1993
|7 0
|9 10899
|a BRACUL
|b BRACUL
|c GEN
|d 2010-06-13
|e Blackwell Book Services
|l 1
|m 25
|o 621.384 COO
|p 3010017534
|r 2025-10-12
|s 2025-02-13
|t 2
|w 2010-06-13
|y BK
|x Requisitioned by Mahabobe Shobahani for the course named- "Radar Engineering (APE 406)" ; £104.01
|